000
00331nam a2200145Ia 4500
005
20251222140053.0
008
251222s1900||||xx |||||||||||||| ||spa||
020
_a
842655301X
082
_a
140/R56
100
_a
Riestra, José Antonio
245
0
_a
Karl Marx:
250
_a
2a.ed.
264
_b
Critica FilosofĂa
942
_c
LIB
999
_c
3667
_d
3667